| 000 | 00844nam a22002532 4500 | ||
|---|---|---|---|
| 001 | 0000012633 | ||
| 005 | 20151217145856.0 | ||
| 008 | 090227s xx 000 0 eng d | ||
| 020 | _a0201529009 : | ||
| 040 |
_aKABU _cKABU |
||
| 100 | 1 |
_aDemana, Franklin D. _@0000169512 |
|
| 245 | 1 | 0 |
_aPrecalculus mathematics : _ba graphic approach / _cFranklin Demana, Bert K. Waits, Stanley R. Clemens. |
| 250 | _a3rd ed. | ||
| 260 |
_aMenlo Park, CA. : _bAddison-Wesley, _c1994. |
||
| 300 | _axii, 837 p. | ||
| 650 | 0 |
_aAlgebra. _@0000155076 |
|
| 650 | 0 |
_aTrigonometry. _@0000049847 |
|
| 700 | 1 |
_aWaits, Bert K. _@0000169513 |
|
| 700 | 1 |
_aClemens, Stanley R. _@0000169514 |
|
| 852 | 1 | _9p500 KES | |
| 852 | 1 | _9p500 KES | |
| 908 | _a090227 | ||
| 950 | _@1 | ||
| 999 |
_c3580 _d3580 |
||